| 000 | 00571nam a22001817a 4500 | ||
|---|---|---|---|
| 005 | 20250320101317.0 | ||
| 008 | 240821b ||||| |||| 00| 0 eng d | ||
| 020 | _a15560254890 | ||
| 082 | _aDC 323 Sch83 2003 | ||
| 100 |
_aSchulz, William F. _958614 |
||
| 245 |
_aTainted legacy : _b9/11 and the ruin of human rights / _cWilliam F. Schulz. |
||
| 260 |
_aNew York : _bThunder's Mouth Press, _c©2003. |
||
| 300 |
_a242 pages : _billustrations ; _c18 cm. |
||
| 500 | _aIncludes index. | ||
| 650 | 0 |
_aTerrorism. _965787 |
|
| 650 | 0 |
_aHuman rights. _965788 |
|
| 942 |
_2ddc _cDC |
||
| 999 |
_c20753 _d20753 |
||